01241nam a2200301 a 4500001001200000003000800012006001900020007001500039008004100054020002600095020002700121040002100148035002100169050002500190100002000215245012200235260007700357300001100434490002900445504004100474533015200515650004700667650003600714655002900750710001700779856012600796999001700922ebr10567339CaPaEBRm u cr cn|||||||||111216s2011 enk sb 000 0 eng d z9781847601964 (Paper) z9781847601957 (e-book) aCaPaEBRcCaPaEBR a(OCoLC)79783258114aPN56.P55bV58 2011eb1 aVivanco, Laura.10aFor love and moneyh[electronic resource] :bthe literary art of the Harlequin Mills & Boon romance /cLaura Vivanco. aTirril [England] ;aPenrith, Calif. :bHumanities - Ebooks.co.uk,c2011. a230 p.0 aGenre fiction monographs aIncludes bibliographical references. aElectronic reproduction.bPalo Alto, Calif. :cebrary,d2011.nAvailable via World Wide Web.nAccess may be limited to ebrary affiliated libraries. 0aPopular literaturexHistory and criticism. 0aFictionxHistory and criticism. 7aElectronic books.2local2 aebrary, Inc.40uhttp://site.ebrary.com/lib/rucke/Doc?id=10567339zAn electronic book accessible through the World Wide Web; click to view c93328d93328